Fikro Nazar(Vol-52 , No. 1-2)/ (Record no. 95713)
[ view plain ]
| 000 -LEADER | |
|---|---|
| fixed length control field | 00372nam a22001457a 4500 |
| 005 - DATE AND TIME OF LATEST TRANSACTION | |
| control field | 20170726112849.0 |
| 008 - FIXED-LENGTH DATA ELEMENTS--GENERAL INFORMATION | |
| fixed length control field | 170726b xxu||||| |||| 00| 0 eng d |
| 022 ## - INTERNATIONAL STANDARD SERIAL NUMBER | |
| International Standard Serial Number | 04304055 |
| 040 ## - CATALOGING SOURCE | |
| Transcribing agency | PK-LaUMT |
| 082 ## - DEWEY DECIMAL CLASSIFICATION NUMBER | |
| Classification number | ZIAC 297.05 |
| Item number | FIK- |
| 245 ## - TITLE STATEMENT | |
| Title | Fikro Nazar(Vol-52 , No. 1-2)/ |
| 260 ## - PUBLICATION, DISTRIBUTION, ETC. (IMPRINT) | |
| Place of publication, distribution, etc | Islamabad: |
| Name of publisher, distributor, etc | Islamic research institute, |
| Date of publication, distribution, etc | 2014 |
| 300 ## - PHYSICAL DESCRIPTION | |
| Extent | 105 p. |
| 942 ## - ADDED ENTRY ELEMENTS (KOHA) | |
| Koha item type | Books |
| Withdrawn status | Lost status | Damaged status | Home library | Current library | Date acquired | Full call number | Barcode | Date last seen | Copy number | Price effective from | Koha item type |
|---|---|---|---|---|---|---|---|---|---|---|---|
| UMT Main Campus | UMT Main Campus | 2017-07-26 | ZIAC 297.05 FIK- | 111381 | 2017-07-26 | P-1 | 2017-07-26 | Books | |||
| UMT Main Campus | UMT Main Campus | 2017-07-26 | ZIAC 297.05 FIK- | 111382 | 2017-07-26 | P-2 | 2017-07-26 | Books |
